000 00283nam a22001217a 4500
082 _a823
_bTHI/C
100 _aTHINDIATH, RAJANI
245 _aCOMICS GENIUS RAM WAEERKAR
260 _aMUMBAI
_bAMAR CHITHA KATHA
300 _a72
650 _aENGLISH SHORT STORIES
_zMUMBAI
942 _cBK
999 _c5170
_d5170